000 00429nam a2200181Ia 4500
001 3231
005 20260306144905.0
008 260306t2005||||xx |||||||||||||| ||spa||
041 _aESP
082 _a262.9
_bC265
100 _aConferencia Episcopal Peruana
_eAUT
245 0 _aMedellín:
_bconclusiones
260 _c2005
300 _a160 páginas :
_c20 cm.
650 _aGEN
654 _aCHU
942 _cLIB
_dJUS
_fJUS
_2ddc
_n
999 _c3231
_d3231